<?xml version="1.0" encoding="UTF-8"?>
<record
    xmlns:xsi="http://www.w3.org/2001/XMLSchema-instance"
    xsi:schemaLocation="http://www.loc.gov/MARC21/slim http://www.loc.gov/standards/marcxml/schema/MARC21slim.xsd"
    xmlns="http://www.loc.gov/MARC21/slim">

  <leader>02455    a2200253   4500</leader>
  <controlfield tag="003">NALT</controlfield>
  <controlfield tag="005">20250818221557.0</controlfield>
  <controlfield tag="008">240524b        th ||||| |||| 00| 0 tha d</controlfield>
  <datafield tag="020" ind1=" " ind2=" ">
    <subfield code="a">9786160834297</subfield>
  </datafield>
  <datafield tag="040" ind1=" " ind2=" ">
    <subfield code="a">NALT</subfield>
  </datafield>
  <datafield tag="100" ind1="0" ind2=" ">
    <subfield code="a">&#xE0A;&#xE31;&#xE0A;&#xE27;&#xE19;&#xE31;&#xE19;&#xE17;&#xE4C; &#xE2A;&#xE31;&#xE19;&#xE18;&#xE34;&#xE40;&#xE14;&#xE0A;.</subfield>
    <subfield code="9">16094</subfield>
  </datafield>
  <datafield tag="245" ind1="1" ind2="0">
    <subfield code="a">&#xE40;&#xE25;&#xE37;&#xE2D;&#xE01;&#xE2D;&#xE22;&#xE39;&#xE48;&#xE02;&#xE49;&#xE32;&#xE07;&#xE40;&#xE27;&#xE25;&#xE32; /</subfield>
    <subfield code="c">&#xE0A;&#xE31;&#xE0A;&#xE27;&#xE19;&#xE31;&#xE19;&#xE17;&#xE4C; &#xE2A;&#xE31;&#xE19;&#xE18;&#xE34;&#xE40;&#xE14;&#xE0A;, &#xE40;&#xE02;&#xE35;&#xE22;&#xE19; ; &#xE18;&#xE19;&#xE32;&#xE18;&#xE23; &#xE08;&#xE36;&#xE07;&#xE23;&#xE38;&#xE48;&#xE07;&#xE40;&#xE23;&#xE37;&#xE2D;&#xE07;&#xE01;&#xE34;&#xE08;, &#xE40;&#xE25;&#xE48;&#xE32;.</subfield>
    <subfield code="h">[electronic resource]</subfield>
  </datafield>
  <datafield tag="260" ind1=" " ind2=" ">
    <subfield code="b">&#xE01;&#xE23;&#xE38;&#xE07;&#xE40;&#xE17;&#xE1E;&#xE2F; : </subfield>
    <subfield code="a">&#xE0B;&#xE35;&#xE40;&#xE2D;&#xE47;&#xE14;&#xE22;&#xE39;&#xE40;&#xE04;&#xE0A;&#xE31;&#xE48;&#xE19;, </subfield>
    <subfield code="c">2561.</subfield>
  </datafield>
  <datafield tag="300" ind1=" " ind2=" ">
    <subfield code="a">Online resource</subfield>
  </datafield>
  <datafield tag="505" ind1="2" ind2=" ">
    <subfield code="a">&#xE15;&#xE31;&#xE27;&#xE15;&#xE19; -- &#xE19;&#xE31;&#xE1A;&#xE2B;&#xE19;&#xE36;&#xE48;&#xE07; &#xE16;&#xE36;&#xE07;&#xE17;&#xE31;&#xE48;&#xE27;&#xE42;&#xE25;&#xE01; -- &#xE40;&#xE1E;&#xE34;&#xE48;&#xE21;&#xE1B;&#xE23;&#xE30;&#xE2A;&#xE34;&#xE17;&#xE18;&#xE34;&#xE20;&#xE32;&#xE1E; -- &#xE21;&#xE2D;&#xE07;&#xE2D;&#xE19;&#xE32;&#xE04;&#xE15; -- &#xE42;&#xE25;&#xE01;&#xE32;&#xE20;&#xE34;&#xE27;&#xE31;&#xE15;&#xE19;&#xE4C; -- &#xE04;&#xE19;&#xE23;&#xE38;&#xE48;&#xE19;&#xE43;&#xE2B;&#xE21;&#xE48; -- &#xE40;&#xE28;&#xE23;&#xE29;&#xE10;&#xE01;&#xE34;&#xE08;&#xE44;&#xE17;&#xE22; -- &#xE2A;&#xE23;&#xE49;&#xE32;&#xE07;&#xE1D;&#xE31;&#xE19;&#xE04;&#xE23;&#xE31;&#xE49;&#xE07;&#xE43;&#xE2B;&#xE21;&#xE48; -- &#xE01;&#xE32;&#xE23;&#xE01;&#xE23;&#xE30;&#xE08;&#xE32;&#xE22;&#xE2D;&#xE33;&#xE19;&#xE32;&#xE08; -- &#xE15;&#xE31;&#xE27;&#xE15;&#xE19;&#xE43;&#xE2B;&#xE21;&#xE48;.</subfield>
  </datafield>
  <datafield tag="520" ind1=" " ind2=" ">
    <subfield code="a">&#xE2B;&#xE19;&#xE31;&#xE07;&#xE2A;&#xE37;&#xE2D; "&#xE40;&#xE25;&#xE37;&#xE2D;&#xE01;&#xE2D;&#xE22;&#xE39;&#xE48;&#xE02;&#xE49;&#xE32;&#xE07;&#xE40;&#xE27;&#xE25;&#xE32;" &#xE40;&#xE25;&#xE48;&#xE21;&#xE19;&#xE35;&#xE49; &#xE16;&#xE48;&#xE32;&#xE22;&#xE17;&#xE2D;&#xE14;&#xE17;&#xE31;&#xE28;&#xE19;&#xE04;&#xE15;&#xE34; &#xE21;&#xE38;&#xE21;&#xE21;&#xE2D;&#xE07; &#xE41;&#xE25;&#xE30;&#xE08;&#xE38;&#xE14;&#xE22;&#xE37;&#xE19;&#xE02;&#xE2D;&#xE07; "&#xE18;&#xE19;&#xE32;&#xE18;&#xE23; &#xE08;&#xE36;&#xE07;&#xE23;&#xE38;&#xE48;&#xE07;&#xE40;&#xE23;&#xE37;&#xE2D;&#xE07;&#xE01;&#xE34;&#xE08;" &#xE17;&#xE35;&#xE48;&#xE21;&#xE35;&#xE15;&#xE48;&#xE2D;&#xE2A;&#xE31;&#xE07;&#xE04;&#xE21;&#xE44;&#xE17;&#xE22;&#xE43;&#xE19;&#xE2B;&#xE25;&#xE32;&#xE22; &#xE46; &#xE21;&#xE34;&#xE15;&#xE34; &#xE23;&#xE27;&#xE21;&#xE16;&#xE36;&#xE07;&#xE41;&#xE19;&#xE27;&#xE17;&#xE32;&#xE07;&#xE43;&#xE19;&#xE01;&#xE32;&#xE23;&#xE40;&#xE1B;&#xE25;&#xE35;&#xE48;&#xE22;&#xE19;&#xE41;&#xE1B;&#xE25;&#xE07;&#xE40;&#xE1E;&#xE37;&#xE48;&#xE2D;&#xE19;&#xE33;&#xE1E;&#xE32;&#xE1A;&#xE49;&#xE32;&#xE19;&#xE40;&#xE21;&#xE37;&#xE2D;&#xE07;&#xE1D;&#xE48;&#xE32;&#xE27;&#xE34;&#xE01;&#xE24;&#xE15;&#xE15;&#xE48;&#xE32;&#xE07; &#xE46; &#xE44;&#xE1B;&#xE43;&#xE2B;&#xE49;&#xE44;&#xE14;&#xE49; &#xE41;&#xE25;&#xE30;&#xE04;&#xE49;&#xE19;&#xE2B;&#xE32; "&#xE41;&#xE23;&#xE07;&#xE08;&#xE39;&#xE07;&#xE43;&#xE08;" &#xE17;&#xE35;&#xE48;&#xE17;&#xE33;&#xE43;&#xE2B;&#xE49;&#xE40;&#xE02;&#xE32;&#xE22;&#xE2D;&#xE21;&#xE25;&#xE30;&#xE17;&#xE34;&#xE49;&#xE07;&#xE04;&#xE27;&#xE32;&#xE21;&#xE2A;&#xE33;&#xE40;&#xE23;&#xE47;&#xE08;&#xE17;&#xE35;&#xE48;&#xE40;&#xE1E;&#xE35;&#xE22;&#xE23;&#xE2A;&#xE23;&#xE49;&#xE32;&#xE07;&#xE21;&#xE32;&#xE01;&#xE31;&#xE1A;&#xE21;&#xE37;&#xE2D; &#xE41;&#xE25;&#xE30;&#xE01;&#xE49;&#xE32;&#xE27;&#xE25;&#xE07;&#xE2A;&#xE39;&#xE48;&#xE2A;&#xE19;&#xE32;&#xE21;&#xE01;&#xE32;&#xE23;&#xE40;&#xE21;&#xE37;&#xE2D;&#xE07;&#xE43;&#xE19;&#xE22;&#xE38;&#xE04;&#xE17;&#xE35;&#xE48;&#xE1B;&#xE23;&#xE30;&#xE40;&#xE17;&#xE28;&#xE44;&#xE23;&#xE49;&#xE1B;&#xE23;&#xE30;&#xE0A;&#xE32;&#xE18;&#xE34;&#xE1B;&#xE44;&#xE15;&#xE22;. </subfield>
  </datafield>
  <datafield tag="600" ind1="0" ind2="4">
    <subfield code="a">&#xE18;&#xE19;&#xE32;&#xE18;&#xE23; &#xE08;&#xE36;&#xE07;&#xE23;&#xE38;&#xE48;&#xE07;&#xE40;&#xE23;&#xE37;&#xE2D;&#xE07;&#xE01;&#xE34;&#xE08;</subfield>
  </datafield>
  <datafield tag="650" ind1=" " ind2="4">
    <subfield code="a">&#xE19;&#xE31;&#xE01;&#xE18;&#xE38;&#xE23;&#xE01;&#xE34;&#xE08;</subfield>
    <subfield code="z">&#xE44;&#xE17;&#xE22;</subfield>
    <subfield code="9">34855</subfield>
  </datafield>
  <datafield tag="650" ind1=" " ind2="4">
    <subfield code="a">&#xE04;&#xE27;&#xE32;&#xE21;&#xE2A;&#xE33;&#xE40;&#xE23;&#xE47;&#xE08;&#xE17;&#xE32;&#xE07;&#xE18;&#xE38;&#xE23;&#xE01;&#xE34;&#xE08;</subfield>
    <subfield code="9">6209</subfield>
  </datafield>
  <datafield tag="856" ind1="4" ind2="0">
    <subfield code="u">https://ebook.parliament.go.th/ebookall/detail/431817</subfield>
    <subfield code="z">E-Book</subfield>
  </datafield>
  <datafield tag="942" ind1=" " ind2=" ">
    <subfield code="2">lcc</subfield>
    <subfield code="c">EBK</subfield>
  </datafield>
  <datafield tag="996" ind1=" " ind2=" ">
    <subfield code="a">jamriang.p</subfield>
    <subfield code="b">CATSTF	</subfield>
    <subfield code="c">2025-01-28</subfield>
  </datafield>
  <datafield tag="999" ind1=" " ind2=" ">
    <subfield code="c">103355</subfield>
    <subfield code="d">103355</subfield>
  </datafield>
  <datafield tag="998" ind1=" " ind2=" ">
    <subfield code="j">25</subfield>
    <subfield code="k"> &#xE19;&#xE35;&#xE25;&#xE27;&#xE31;&#xE2A;&#xE19;&#xE4C; &#xE2D;&#xE34;&#xE19;&#xE17;&#xE23;&#xE31;&#xE01;&#xE29;&#xE32;</subfield>
  </datafield>
  <datafield tag="952" ind1=" " ind2=" ">
    <subfield code="0">0</subfield>
    <subfield code="1">0</subfield>
    <subfield code="2">lcc</subfield>
    <subfield code="4">0</subfield>
    <subfield code="7">0</subfield>
    <subfield code="8">CERS</subfield>
    <subfield code="a">NALT</subfield>
    <subfield code="b">NALT</subfield>
    <subfield code="c">ONLINE</subfield>
    <subfield code="d">2023-09-29</subfield>
    <subfield code="e">191</subfield>
    <subfield code="r">2023-09-29 00:00:00</subfield>
    <subfield code="y">EBK</subfield>
  </datafield>
</record>
